| 000 | 00512nam a22001697a 4500 | ||
|---|---|---|---|
| 005 | 20251108171046.0 | ||
| 008 | 250721s1996 xx 000 0 ara d | ||
| 082 | 1 | 4 | _aط/371.28/جمي |
| 100 | 1 | _aشاهين، جميل نعمان | |
| 245 | 1 | 0 | _aمرجع الطرائق الأساسية في المختبرات المدرسية / |
| 264 | 1 |
_aعمان : _c1996. |
|
| 300 | _aج | ||
| 650 | 1 | 7 | _aالمختبرات المدرسية |
| 650 | 1 | 7 | _aالبحث العلمي |
| 942 |
_2ddc _cBK |
||
| 999 |
_c55536 _d55536 |
||